000 00337nam a2200145 i 4500
001 bg
100 1 _aNOWAK, Stefan
245 0 _aMetodologia badań społecznych /
_cStefan Nowak.
260 _aWarszawa :
_bPWN,
_c1985.
040 _cBPK
041 _apol
080 _a303
942 _cKS
008 s pl f |000 0 pol
999 _c28386
_d28386
856 _uhttp://koha.tu.koszalin.pl/cgi-bin/koha/opac-detail.pl?biblionumber=28386
_yKatalog online BPK